| 000 | 00460nam a2200181Ia 4500 | ||
|---|---|---|---|
| 001 | 13598 | ||
| 005 | 20260306164813.0 | ||
| 008 | 260306t2016||||xx |||||||||||||| ||spa|| | ||
| 041 | _aESP | ||
| 082 |
_a005.1 _bC48D |
||
| 100 |
_aCervantes, Humberto _eAUT |
||
| 245 | 0 |
_aDesigning software architectures: _ba practical approach |
|
| 260 | _c2016 | ||
| 300 |
_axvi, 289 páginas : : _c24 cm. |
||
| 650 | _aGEN | ||
| 654 | _aCCC | ||
| 942 |
_cLIB _dJUS _fJUS _2ddc _n |
||
| 999 |
_c13598 _d13598 |
||